Statistiques concernant Villes américaines de plus de 100k habitants - Carte

Cliquez ici pour prendre le quiz!

Statistiques générales

  • Ce quiz a été pris 1 088 fois
  • Le résultat moyen est 49 sur 326

Réponses sur la Carte

Les réponses sont colorées sur une échelle allant du rouge au vert en fonction du pourcentage des utilisateurs qui les ont devinées à leur premier essai. Vous pouvez retrouver ces pourcentages ci-dessous.
 

Statistiques - réponses

EtatsPopulationVille% Correct
NY8,804,190New York
98%
CA3,898,747Los Angeles
94%
FL442,241Miami
90%
IL2,746,388Chicago
89%
DC689,545Washington
87%
CA873,965San Francisco
85%
NV641,903Las Vegas
82%
MA675,647Boston
81%
TX2,304,580Houston
77%
TX1,304,379Dallas
76%
WA737,015Seattle
75%
CO715,522Denver
73%
PA1,603,797Philadelphie
73%
GA498,715Atlanta
69%
MI639,111Detroit
67%
AZ1,608,139Phoenix
65%
CA1,386,932San Diego
65%
TX1,434,625San Antonio
62%
LA383,997La Nouvelle-Orléans
60%
FL307,573Orlando
58%
OR652,503Portland
57%
TX961,855Austin
56%
HI350,964Honolulu
55%
UT199,723Salt Lake City
54%
IN887,642Indianapolis
52%
NC874,579Charlotte
51%
CA524,943Sacramento
51%
TN633,104Memphis
50%
TN689,447Nashville
49%
MS153,701Jackson
48%
OK681,054Oklahoma City
48%
MO301,578St. Louis
48%
LA227,470Baton Rouge
46%
MO508,090Kansas City
46%
KS156,607Kansas City
46%
WI577,222Milwaukee
46%
MN429,954Minneapolis
46%
MD585,708Baltimore
45%
CA1,013,240San Jose
44%
OH372,624Cleveland
42%
FL949,611Jacksonville
42%
FL384,959Tampa
40%
NM564,559Albuquerque
39%
TX678,815El Paso
38%
KY633,045Louisville
38%
OH309,317Cincinnati
37%
AK291,247Anchorage
34%
GA206,922Columbus
34%
OH905,748Columbus
34%
PA302,971Pittsburgh
33%
IL114,394Springfield
33%
MA155,929Springfield
33%
MO169,176Springfield
33%
TX918,915Fort Worth
32%
CA440,646Oakland
31%
NY278,349Buffalo
30%
IA214,133Des Moines
30%
AZ542,629Tucson
29%
NC467,665Raleigh
27%
FL196,169Tallahassee
26%
CO478,961Colorado Springs
25%
NJ311,549Newark
24%
CA226,610Richmond
23%
VA116,448Richmond
23%
MN311,527St. Paul
23%
ID235,684Boise
22%
CA466,742Long Beach
22%
RI190,934Providence
22%
OR175,535Salem
22%
OK413,066Tulsa
22%
SC136,632Columbia
21%
MO126,254Columbia
21%
NV264,165Reno
21%
VA459,470Virginia Beach
21%
AL200,733Birmingham
20%
NE291,082Lincoln
20%
AL200,603Montgomery
20%
NE486,051Omaha
20%
CA542,107Fresno
19%
CA346,824Anaheim
18%
SC150,227Charleston
18%
AR202,591Little Rock
18%
WI269,840Madison
18%
FL182,760Fort Lauderdale
17%
KS126,587Topeka
17%
TX317,863Corpus Christi
16%
CT121,054Hartford
16%
SD192,517Sioux Falls
16%
KS397,532Wichita
16%
NJ292,449Jersey City
15%
AL187,041Mobile
15%
TX394,266Arlington
14%
CA403,455Bakersfield
14%
AZ504,258Mesa
14%
CA222,101San Bernardino
14%
ND125,990Fargo
13%
FL153,067Hollywood
13%
MN121,395Rochester
13%
NY211,328Rochester
13%
IN263,886Fort Wayne
12%
WI107,395Green Bay
12%
CA307,670Irvine
12%
MI112,644Lansing
12%
NH115,644Manchester
12%
CA310,227Santa Ana
12%
GA147,780Savannah
12%
MT117,116Billings
11%
NC299,035Greensboro
11%
KY322,570Lexington
11%
VA238,005Norfolk
11%
NV262,527North Las Vegas
11%
CA320,804Stockton
11%
FL258,308St. Petersburg
11%
IL180,542Aurora
10%
CO386,261Aurora
10%
OH137,644Dayton
10%
OR176,654Eugene
10%
MI198,917Grand Rapids
10%
TN190,740Knoxville
10%
LA121,374Lafayette
10%
TX151,950Pasadena
10%
CA138,699Pasadena
10%
WA228,989Spokane
10%
NY148,620Syracuse
10%
OH270,871Toledo
10%
GA202,081Augusta
9%
CA314,998Riverside
9%
WA190,915Vancouver
9%
TX200,393Amarillo
8%
CO108,250Boulder
8%
MA118,403Cambridge
8%
NC208,501Fayetteville
8%
NV317,610Henderson
8%
TX257,141Lubbock
8%
CT134,023New Haven
8%
WA219,346Tacoma
8%
TX138,486Waco
8%
OH190,469Akron
7%
GA127,315Athens
7%
TN181,099Chattanooga
7%
NC105,240Concord
7%
CA125,410Concord
7%
NC283,506Durham
7%
AZ248,325Glendale
7%
CA196,543Glendale
7%
TX256,684Irving
7%
CA173,516Lancaster
7%
TX255,205Laredo
7%
CA139,911Orange
7%
CA228,673Santa Clarita
7%
CA109,707Santa Maria
7%
LA187,593Shreveport
7%
NC115,451Wilmington
7%
MA206,518Worcester
7%
NY211,569Yonkers
7%
VA159,467Alexandria
6%
CA124,321Berkeley
6%
TX186,738Brownsville
6%
CA275,487Chula Vista
6%
CA230,504Fremont
6%
AL215,006Huntsville
6%
CA218,464Modesto
6%
CA127,647Santa Clara
6%
CA178,127Santa Rosa
6%
FL117,415West Palm Beach
6%
NC249,545Winston-Salem
6%
TX104,627Allen
5%
CT148,654Bridgeport
5%
FL194,016Cape Coral
5%
IA137,710Cedar Rapids
5%
AZ275,987Chandler
5%
CA101,475Chico
5%
CO169,810Fort Collins
5%
FL141,085Gainesville
5%
AZ267,918Gilbert
5%
FL223,109Hialeah
5%
WA136,588Kent
5%
TX142,210McAllen
5%
IL149,540Naperville
5%
TX285,494Plano
5%
IL148,655Rockford
5%
AZ241,361Scottsdale
5%
AZ180,587Tempe
5%
PA125,845Allentown
4%
TX115,282Beaumont
4%
WA151,854Bellevue
4%
CA107,337Burbank
4%
VA249,422Chesapeake
4%
TN166,722Clarksville
4%
IA101,724Davenport
4%
IN117,298Evansville
4%
WA110,629Everett
4%
TX200,509Frisco
4%
TX246,018Garland
4%
TX196,100Grand Prairie
4%
VA137,148Hampton
4%
CA198,711Huntington Beach
4%
CA107,762Inglewood
4%
CO155,984Lakewood
4%
NJ135,158Lakewood
4%
GA157,346Macon
4%
TX132,524Midland
4%
CA208,634Moreno Valley
4%
ID100,200Nampa
4%
VA186,247Newport News
4%
CA175,265Ontario
4%
KS197,238Overland Park
4%
CA202,063Oxnard
4%
IL113,150Peoria
4%
AZ190,985Peoria
4%
CA151,713Pomona
4%
UT115,162Provo
4%
CO111,876Pueblo
4%
CA163,542Salinas
4%
WA102,976Spokane Valley
4%
CT135,470Stamford
4%
CA126,966Thousand Oaks
4%
CA147,067Torrance
4%
TX125,182Abilene
3%
MI123,851Ann Arbor
3%
FL117,292Clearwater
3%
TX120,511College Station
3%
CA157,136Corona
3%
TX139,869Denton
3%
TX100,243Edinburg
3%
NJ137,298Elizabeth
3%
CA176,124Elk Grove
3%
CA151,038Escondido
3%
CA208,393Fontana
3%
CA171,949Garden Grove
3%
CA162,954Hayward
3%
OR106,447Hillsboro
3%
IL150,362Joliet
3%
TX153,095Killeen
3%
NM111,385Las Cruces
3%
TX195,308McKinney
3%
ID117,635Meridian
3%
TX150,108Mesquite
3%
TN152,769Murfreesboro
3%
OK128,026Norman
3%
CA174,068Oceanside
3%
KS141,290Olathe
3%
CA169,450Palmdale
3%
FL204,851Port St. Lucie
3%
CA174,453Rancho Cucamonga
3%
VA100,011Roanoke
3%
CA147,773Roseville
3%
CA105,661San Mateo
3%
IN103,453South Bend
3%
NV108,445Sparks
3%
CA155,805Sunnyvale
3%
AZ143,148Surprise
3%
CO141,867Thornton
3%
TX105,995Tyler
3%
CA126,090Vallejo
3%
CO116,317Westminster
3%
TX102,316Wichita Falls
3%
CA115,291Antioch
2%
CO124,402Arvada
2%
MA105,643Brockton
2%
OK113,540Broken Arrow
2%
CA114,746Carlsbad
2%
TX133,434Carrollton
2%
NC174,721Cary
2%
CO108,418Centennial
2%
MI100,513Clinton
2%
CA120,124Clovis
2%
FL134,394Coral Springs
2%
CA111,918Costa Mesa
2%
CA104,901Daly City
2%
FL105,691Davie
2%
MI109,976Dearborn
2%
CA114,355Downey
2%
CA106,215El Cajon
2%
IL114,797Elgin
2%
CA109,450El Monte
2%
CA119,881Fairfield
2%
WA101,030Federal Way
2%
CA143,617Fullerton
2%
CO108,795Greeley
2%
OR114,247Gresham
2%
NC114,059High Point
2%
MO123,011Independence
2%
FL112,641Lakeland
2%
TX114,392League City
2%
MO101,108Lee's Summit
2%
TX111,822Lewisville
2%
MA115,554Lowell
2%
MA101,253Lynn
2%
FL111,640Miami Gardens
2%
FL134,721Miramar
2%
SC114,852North Charleston
2%
CA102,773Norwalk
2%
TX114,428Odessa
2%
FL119,760Palm Bay
2%
NJ159,732Paterson
2%
TX125,828Pearland
2%
FL171,178Pembroke Pines
2%
FL112,046Pompano Beach
2%
WA106,785Renton
2%
TX119,469Richardson
2%
NM104,046Rio Rancho
2%
TX119,468Round Rock
2%
CA126,356Simi Valley
2%
GA107,436South Fulton
2%
MI134,346Sterling Heights
2%
TX111,026Sugar Land
2%
CA110,003Temecula
2%
CA102,386Vacaville
2%
CA110,763Ventura
2%
CA141,384Visalia
2%
MI139,387Warren
2%
CT114,403Waterbury
2%
CA109,501West Covina
2%
UT116,961West Jordan
2%
UT140,230West Valley City
2%
NJ103,639Woodbridge
2%
NJ107,588Edison
1%
CA105,053Jurupa Valley
1%
CA102,527Menifee
1%
CA110,949Murrieta
1%
MA101,079New Bedford
1%
MA101,636Quincy
1%
CA104,026Rialto
1%
GA108,080Sandy Springs
1%
CA134,810Victorville
1%

Distribution des résultats

Percentile par nombre de réponses

% des personnes avec chaque résultat

Votre développement - résultats

Vous n’avez pas pris ce quiz